<?xml version="1.0" encoding="UTF-8"?>
<record
    xmlns:xsi="http://www.w3.org/2001/XMLSchema-instance"
    xsi:schemaLocation="http://www.loc.gov/MARC21/slim http://www.loc.gov/standards/marcxml/schema/MARC21slim.xsd"
    xmlns="http://www.loc.gov/MARC21/slim">

  <leader>00517nam a22001457a 4500</leader>
  <controlfield tag="003">LK-CoDNM</controlfield>
  <controlfield tag="005">20240911151757.0</controlfield>
  <controlfield tag="008">240809b        |||||||| |||| 00| 0 eng d</controlfield>
  <datafield tag="040" ind1=" " ind2=" ">
    <subfield code="a">LK-CoDNM</subfield>
    <subfield code="d">LK-CoDNM</subfield>
    <subfield code="e">LK-CoDNM</subfield>
  </datafield>
  <datafield tag="041" ind1=" " ind2=" ">
    <subfield code="h">Sinhla,Tamil,English</subfield>
  </datafield>
  <datafield tag="080" ind1=" " ind2=" ">
    <subfield code="b">GP1961-62st-Vol.45</subfield>
  </datafield>
  <datafield tag="245" ind1=" " ind2=" ">
    <subfield code="a">&#xDB4;&#xDCF;&#xDBB;&#xDCA;&#xDBD;&#xDD2;&#xDB8;&#xDDA;&#xDB1;&#xDCA;&#xDAD;&#xDD4; &#xDC0;&#xDD2;&#xDC0;&#xDCF;&#xDAF; -1961-62</subfield>
    <subfield code="b"> 45 &#xDC0;&#xDB1; &#xD9A;&#xDCF;&#xDAB;&#xDCA;&#xDA9;&#xDBA;</subfield>
  </datafield>
  <datafield tag="260" ind1=" " ind2=" ">
    <subfield code="a">&#xD9A;&#xDDC;&#xDC5;&#xDB9;</subfield>
    <subfield code="b"> &#xDB8;&#xDD4;&#xDAF;&#xDCA;&#x200D;&#xDBB;&#xDAB; &#xDAF;&#xDD9;&#xDB4;&#xDCF;&#xDBB;&#xDCA;&#xDAD;&#xDB8;&#xDDA;&#xDB1;&#xDCA;&#xDAD;&#xDD4;&#xDC0;</subfield>
    <subfield code="c">3490p. : 24 cm</subfield>
  </datafield>
  <datafield tag="942" ind1=" " ind2=" ">
    <subfield code="c">BK</subfield>
  </datafield>
  <datafield tag="952" ind1=" " ind2=" ">
    <subfield code="0">0</subfield>
    <subfield code="1">0</subfield>
    <subfield code="4">1</subfield>
    <subfield code="7">0</subfield>
    <subfield code="8">OBC</subfield>
    <subfield code="a">MAIN</subfield>
    <subfield code="b">MAIN</subfield>
    <subfield code="c">REF</subfield>
    <subfield code="d">2024-08-09</subfield>
    <subfield code="l">0</subfield>
    <subfield code="o">GP1961-62st-Vol.45</subfield>
    <subfield code="p">GP769</subfield>
    <subfield code="r">2024-08-09</subfield>
    <subfield code="w">2024-08-09</subfield>
    <subfield code="y">BK</subfield>
  </datafield>
  <datafield tag="999" ind1=" " ind2=" ">
    <subfield code="c">146882</subfield>
    <subfield code="d">146882</subfield>
  </datafield>
</record>
